Foreign Direct Investment, Industrialization and Social Change

Na minha lista:
Detalhes bibliográficos
Autor principal: Kobrin, Stephen Jay
Formato: Livro
Idioma:inglês
Publicado em: Greenwich JAI Press 1977
Edição:1. ed.
Tags: Adicionar Tag
Sem tags, seja o primeiro a adicionar uma tag!

MARC

LEADER 00000nam a2200000 4500
001 c025992
005 20221220103513.6
041 0 |a eng 
044 |a GB 
245 1 0 |a Foreign Direct Investment, Industrialization and Social Change  |c Stephen Jay Kobrin 
250 |a 1. ed. 
264 1 |a Greenwich  |b JAI Press  |c 1977 
300 |a 188 s. 
100 1 |a Kobrin, Stephen Jay